000 00312nam a22001457a 4500
008 230911b ||||| |||| 00| 0 eng d
020 _a0521238102
041 _aeng
080 _a521
082 _a521COC
100 _a19
101 _aASTRO
245 _aTHE EVOLVING EARTH
_cCOCKS.M.R.L
942 _2udc
_cBK
999 _c60311
_d60311